00530nam a2200169Ia 4500020001800000082002500018100001700043245004000060260002800100300001500128504003600143650004300179650002400222650006300246650002800309700002300337 a0-19-516689-2 aRR 956.953044092 RUB aRubin, Barry 0aYasir Arafat: a political biography aLondonbContinuumc2003 axiv, 354p. aIncludes bibliography and index aMunaozozamat al - Taohrair - Biography aArafat, Yasir, 1929 aPalestinian Arabs - Politics and government - 20th century aArab - Irsaeli conflict aRubin, Judith Colp